| 000 | 01211nam a2200217Ia 4500 | ||
|---|---|---|---|
| 999 |
_c38166 _d38166 |
||
| 001 | 4156 | ||
| 003 | GE_BSU | ||
| 005 | 20190923172602.0 | ||
| 008 | 181216s1986||||ge |||||||||||||| ||geo|| | ||
| 040 | _cGE_BSU | ||
| 041 | _ageo | ||
| 080 | _a39(479.223) ს–24 | ||
| 245 |
_aსამხრეთ-დასავლეთ საქართველოს ეთნოლოგიის პრობლემები : _bN 12. კულტურა და ყოფა _c რედაქტორი: ალ. რობაქიძე. |
||
| 264 |
_aთბილისი : _bმეცნიერება, _c1986. |
||
| 300 |
_a126 გვ. ; _b21 სმ. |
||
| 653 | _aსაქართველოს ეთნოლოგიის პრობლემები | ||
| 653 | _aსაქართველოს კულტურა და ყოფა | ||
| 700 |
_aრობაქიძე, ალ. _eრედაქტორი _94251 |
||
| 710 |
_aსაქართველოს მეცნიერებისა და განათლების სამინისტრო ; ნიკო ბერძენიშვილის ინსტიტუტი _94248 |
||
| 942 |
_cBK _2udc |
||